000 00330nam a22001337a 4500
008 171005b xxu||||| |||| 00| 0 eng d
020 _a9780890795842
041 _aeng
080 _a159.9
100 _a49
101 _aPSI
245 _aMANUAL FOR THE VIDEOFLUUOGRAPHIC STUDY SWALLOWING
_cLOGERMAN.J.R
942 _2udc
_cBK
999 _c32020
_d32020